书目信息 |
| 题名: |
语言学学习与研究
|
|
| 作者: | 岑麒祥 著 | |
| 分册: | ||
| 出版信息: | 郑州 中州书画社 1983 |
|
| 页数: | 326页 | |
| 开本: | 21cm | |
| 丛书名: | ||
| 单 册: | ||
| 中图分类: | H0-53 , H01 | |
| 科图分类: | ||
| 主题词: | 语音学--文集 | |
| 电子资源: | ||
| ISBN: | ||
| 000 | 00585nam0 2200229 45 | |
| 001 | 1547596464 | |
| 005 | 20150127222106.60 | |
| 010 | @dCNY1.70 | |
| 091 | @aCN@b9219.8 | |
| 100 | @a19950512d1983 emky0chiy0121 ea | |
| 101 | 0 | @achi |
| 102 | @aCN@b410000 | |
| 105 | @ay z 000yy | |
| 200 | 10 | @a语言学学习与研究@Ayu yan xue xue xi yu yan jiu@f岑麒祥著 |
| 210 | @a郑州@c中州书画社@d1983 | |
| 215 | @a326页@d21cm | |
| 606 | @a语音学@x文集 | |
| 690 | @aH0-53@v3 | |
| 690 | @aH01@v4 | |
| 701 | 0 | @a岑麒祥@Acen qi xiang@4著 |
| 801 | 0 | @aCN@bTSSF@c20150127 |
| 905 | @aZUCC@dH01@eJY43 | |
| 语言学学习与研究/岑麒祥著.-郑州:中州书画社,1983 |
| 326页;21cm |
| ISBN :CNY1.70 |
| ● |
| 相关链接 |
|
|
|
|
正题名:语言学学习与研究
索取号:H01/JY43
 
预约/预借
| 序号 | 登录号 | 条形码 | 馆藏地/架位号 | 状态 | 备注 |
| 1 | 7836466 | 278364663 | 学院路分馆/ [索取号:H01/JY43] | 在馆 |